"Я тот, чей дух не покорился..." (Запис № 580632)
[ простий вигляд ]
| 000 -Лідер | |
|---|---|
| fixed length control field | 01166 a2200241 4500 |
| 003 - Ідентифікатор контрольного номера | |
| control field | UA-OsUOA |
| 005 - Дата та час останнього входження (трансакції) | |
| control field | 20260501115109.0 |
| 008 - Елементи даних фіксованої довжини – загальна інформація | |
| fixed length control field | 260501b un ||||| |||| 00| 0 ukr d |
| 020 ## - Міжнародний стандартний книжковий номер (ISBN) | |
| Міжнародний стандартний книжковий номер (ISBN) (НП) | 9785793403825 |
| 040 ## - Джерело каталогізації | |
| Агенція оригінальної каталогізації | UA-OsUOA |
| Мова каталогізації | ukr |
| Агенція, яка здійснювала перезапис | UA-OsUOA |
| Агенція, яка здійснювала модифікацію | UA-OsUOA |
| 041 ## - Код мови | |
| Код мови тексту/ звукової доріжки чи окремого заголовка (П) | ukr |
| 041 ## - Код мови | |
| Код мови тексту/ звукової доріжки чи окремого заголовка (П) | rus |
| 080 ## - Індекс Універсальної десяткової класифікації | |
| Індекс Універсальної десяткової класифікації (УДК) (НП) | 82-1 |
| 090 ## - Локальний шифр розміщення | |
| Класифікаційний індекс УДК | 82-1 |
| Авторський знак (НП) | Я11 |
| 245 ## - Відомості про назву | |
| Назва (НП) | "Я тот, чей дух не покорился..." |
| Решта назви (НП) | сборник стихов украинских поэтов — политических узников воркутинских и интинских лагерей |
| Дані про відповідальність (НП) | в переводах Марка Каганцова |
| 250 ## - Відомості про видання (редакцію) | |
| Відомості про видання (редакцію) (НП) | Издание второе, исправленное и дополненное |
| 260 ## - Публікація, розповсюдження і т.п. (Вихідні дані) | |
| Місце публікації, розповсюдження і т.п. (П) | Воркута |
| Дата публікації, розповсюдження і т.п. (П) | 2011 |
| 520 ## - Резюме і т.п. | |
| Резюме, реферат, анотація, тощо (НП) | Брошура у вигляді ксерокопії окремих сторінок книги. Вірші надруковано українською та російською мовами. |
| 650 ## - Додаткове предметне введення – тематичний термін | |
| Джерело заголовка чи терміна | UDC |
| Тематичний термін чи географічна назва, як елемент введення (НП) | 82-1 Поезія. Поеми. Вірші |
| 9 (RLIN) | 16367 |
| 942 ## - Додаткові елементи входу (Коха) | |
| Тип елемента Koha | Брошура |
| Source of classification or shelving scheme | Universal Decimal Classification |
| 955 ## - Код типу видання за змістом | |
| Код типу видання за змістом (НП) | Літературно-художні видання |
| Стан вилучень | Стан втрат | Джерело класифікації або схеми стелажів | Стан уражень | Не для кредиту | Код колекції | Постійне місце розташування | Поточне розміщення | Дата придбання | Джерело придбання | Вартість, звичайна ціна покупки | Інвентарний номер | Усього замовленно | Повний номер виклику | Штрих-код | Дата останнього перегляду | Вартість, ціна заміни | Ціна ефективна від | Тип елемента Koha | Примітка, призначена для загального доступу |
|---|---|---|---|---|---|---|---|---|---|---|---|---|---|---|---|---|---|---|---|
| Universal Decimal Classification | Колекція др. Константина Бризгуна (Оксани і Ярослава Соколиків) | Наукова бібліотека ІДУД | Наукова бібліотека ІДУД | 01/05/2026 | №12/29.04.2026 (ІДУД) | 1.00 | 300595 | 82-1 Я11 | 300595 | 01/05/2026 | 1.00 | 01/05/2026 | Брошура | Отримано в дар від Оксани Бризгун-Соколик ; містить екслібріс д-ра Євгена Храпливого |